Normal view
MARC view
- Charles J.Vierck, Charles D.Cooper
Entry Personal Name
001 - CONTROL NUMBER
- control field: 100326
003 - CONTROL NUMBER IDENTIFIER
- control field: NUST
005 - DATE AND TIME OF LATEST TRANSACTION
- control field: 20221014122607.0
008 - FIXED-LENGTH DATA ELEMENTS
- fixed length control field: 221014|| aca||aabn | a|a d
040 ## - CATALOGING SOURCE
- Original cataloging agency: NUST
- Transcribing agency: NUST
100 ## - HEADING--PERSONAL NAME
- Personal name: Charles J.Vierck, Charles D.Cooper
670 ## - SOURCE DATA FOUND
- Source citation: Work cat.: (NUST)193497: Charles J.Vierck, Charles D.Cooper, Engineering Drawing Problems Series-l /, 1953
